[Event "SVK-chT2A 1819"]
[Site "Slovakia"]
[Date "2018.10.14"]
[Round "2.8"]
[White "Zacik, Anton"]
[Black "Cibik, Jan"]
[Result "1/2-1/2"]
[WhiteElo "1934"]
[BlackElo "1878"]
[PlyCount "42"]
[EventDate "2018.10.13"]
[EventType "team-tourn"]
[EventRounds "11"]
[EventCountry "SVK"]
[SourceTitle "CBM 189 Extra"]
[Source "ChessBase"]
[SourceDate "2019.06.03"]
[SourceVersion "1"]
[SourceVersionDate "2019.06.03"]
[SourceQuality "1"]
[WhiteTeam "Krasnany"]
[BlackTeam "Senec"]
[WhiteTeamCountry "SVK"]
[BlackTeamCountry "SVK"]

1. e4 e5 2. Nf3 Nc6 3. d4 exd4 4. Bc4 d6 5. Nxd4 Nf6 6. Nxc6 bxc6 7. Nc3 Be7 8. 0-0 0-0 9. Bd3 Nd7 10. f4 Bf6 11. Be3 c5 12. Rb1 Rb8 13. Qd2 Nb6 14. Kh1 Be6 15. b3 Bd4 16. Be2 Bxe3 17. Qxe3 f6 18. Rbd1 Qe7 19. Bf3 a5 20. Rfe1 Rfd8 21. Qf2 Qf8 1/2-1/2

[Event "Tatry op"]
[Site "Tatranska Lomnica"]
[Date "2017.10.14"]
[Round "8"]
[White "Kalousek, Zdenek"]
[Black "Zacik, Anton"]
[Result "1-0"]
[WhiteElo "2043"]
[BlackElo "1868"]
[PlyCount "60"]
[EventDate "2017.10.08"]
[EventType "swiss"]
[EventRounds "9"]
[EventCountry "SVK"]
[SourceTitle "CBM 181 Extra"]
[Source "ChessBase"]
[SourceDate "2017.12.12"]
[SourceVersion "1"]
[SourceVersionDate "2017.12.12"]
[SourceQuality "1"]

1. e4 c5 2. f4 d5 3. exd5 Qxd5 4. Nc3 Qd8 5. Nf3 Nc6 6. Bb5 Bd7 7. 0-0 e6 8. d3 Nf6 9. Bxc6 Bxc6 10. Ne5 Rc8 11. Qe2 Be7 12. f5 exf5 13. Rxf5 0-0 14. Bg5 Bd7 15. Nxd7 Qxd7 16. Raf1 Rc6 17. Qf3 b6 18. Kh1 Bd8 19. b3 Re6 20. Qg3 Qd4 21. Bxf6 Rxf6 22. Rxf6 Bxf6 23. Ne4 Bd8 24. a4 f5 25. Qf3 Be7 26. c3 fxe4 27. Qxf8+ Bxf8 28. cxd4 cxd4 29. dxe4 Bc5 30. g3 d3 1-0

[Event "SVK-chT2A 1415"]
[Site "Slovakia"]
[Date "2014.11.09"]
[Round "4.5"]
[White "Zacik, Anton"]
[Black "Darazs, Zoltan"]
[Result "0-1"]
[WhiteElo "1936"]
[BlackElo "2128"]
[PlyCount "142"]
[EventDate "2014.10.11"]
[EventType "team-tourn"]
[EventRounds "11"]
[EventCountry "SVK"]
[SourceTitle "EXT 2016"]
[Source "ChessBase"]
[SourceDate "2015.10.08"]
[SourceVersion "1"]
[SourceVersionDate "2015.10.08"]
[SourceQuality "1"]
[WhiteTeam "Pezinok"]
[BlackTeam "Potonska Veza"]
[WhiteTeamCountry "SVK"]
[BlackTeamCountry "SVK"]

1. e4 e5 2. Nf3 Nc6 3. d4 exd4 4. Bc4 Nf6 5. e5 d5 6. Bb5 Ne4 7. 0-0 Bg4 8. Qxd4 Bc5 9. Bxc6+ bxc6 10. Qa4 Qd7 11. Nbd2 Nxd2 12. Nxd2 0-0 13. Qf4 f6 14. Nb3 Be7 15. h3 Bf5 16. e6 Bxe6 17. Be3 Bd6 18. Qh4 g5 19. Qh5 Bf5 20. Rac1 Bg6 21. Qd1 Qf7 22. c3 Rfe8 23. Qd2 Bf5 24. g4 Bc8 25. f4 Ba6 26. Rf2 Qe7 27. Rf3 Qe4 28. Qf2 h6 29. fxg5 fxg5 30. Re1 Rf8 31. Bf4 gxf4 32. Rxe4 dxe4 33. Qh4 Kg7 34. g5 h5 35. Qxh5 Rh8 36. Qg4 exf3 37. Qd7+ Kg6 38. Nd4 Bc8 39. Qxc6 Bxh3 40. Qe4+ Kxg5 41. Nxf3+ Kf6 42. Qd4+ Ke6 43. Ng5+ Kd7 44. Nxh3 Rag8+ 45. Kf1 Rxh3 46. Qa4+ Kd8 47. Qxa7 Rh1+ 48. Kf2 Rh2+ 49. Kf3 Rg3+ 50. Ke4 Re2+ 51. Kd5 Re5+ 52. Kc4 Rc5+ 53. Kd4 f3 54. Qa8+ Kd7 55. Qa4+ Ke7 56. Qc2 Rcg5 57. Qh7+ Kf6 58. Qh8+ Kf5 59. Qc8+ Kf4 60. Qb7 Bc5+ 61. Kc4 Bb6 62. Qc8 f2 63. Qf8+ Rf5 64. Qh6+ Kf3 65. Qh1+ Kg4 66. Qd1+ Rgf3 67. Qf1 R5f4+ 68. Kb3 Rg3 69. Qe2+ Kh3 70. Qh5+ Kg2 71. Qd5+ Rff3 0-1

[Event "SVK-chT2A 1415"]
[Site "Slovakia"]
[Date "2014.11.08"]
[Round "3.5"]
[White "Helbich, Branislav"]
[Black "Zacik, Anton"]
[Result "1/2-1/2"]
[WhiteElo "2027"]
[BlackElo "1936"]
[PlyCount "115"]
[EventDate "2014.10.11"]
[EventType "team-tourn"]
[EventRounds "11"]
[EventCountry "SVK"]
[SourceTitle "EXT 2016"]
[Source "ChessBase"]
[SourceDate "2015.10.08"]
[SourceVersion "1"]
[SourceVersionDate "2015.10.08"]
[SourceQuality "1"]
[WhiteTeam "Bratislava Doprastav II"]
[BlackTeam "Pezinok"]
[WhiteTeamCountry "SVK"]
[BlackTeamCountry "SVK"]

1. e4 c5 2. Nf3 e6 3. d4 cxd4 4. Nxd4 Nf6 5. Bd3 e5 6. Ne2 d5 7. exd5 Qxd5 8. 0-0 Be7 9. Nbc3 Qd8 10. Ng3 Bg4 11. f3 Be6 12. Be3 Qc8 13. Qe2 0-0 14. Rfe1 Nc6 15. a3 a6 16. Qf2 g6 17. Rad1 Nd7 18. f4 f5 19. Qd2 e4 20. Bf1 Nf6 21. Qc1 Qc7 22. Na4 Nd7 23. b4 b5 24. Nb2 Nf6 25. c4 Nxb4 26. axb4 Bxb4 27. cxb5 Qxc1 28. Rxc1 Bxe1 29. Rxe1 axb5 30. Bxb5 Rfc8 31. Be2 Nd5 32. Nf1 Nxe3 33. Nxe3 h6 34. Nbc4 Bxc4 35. Bxc4+ Kg7 36. Bd5 Ra5 37. Rd1 Rc7 38. Rd2 Ra3 39. Kf2 Rcc3 40. Re2 Rc1 41. Rb2 Rcc3 42. Re2 Ra5 43. Be6 Ra6 44. Bd7 Rd6 45. Bb5 Rd8 46. Ra2 Rc7 47. Be2 Rf8 48. Ra6 g5 49. g3 Rb7 50. Nc4 gxf4 51. gxf4 Rf6 52. Nd6 Rb8 53. Ke3 Kg6 54. Kd4 Rb2 55. Ke3 Rb8 56. h4 h5 57. Kd4 Rb2 58. Bc4 1/2-1/2

[Event "SVK-chT2A 1314"]
[Site "Slovakia"]
[Date "2014.02.01"]
[Round "7.6"]
[White "Zacik, Anton"]
[Black "Pericka, Tomas"]
[Result "0-1"]
[WhiteElo "1959"]
[BlackElo "1994"]
[PlyCount "64"]
[EventDate "2013.10.19"]
[EventType "team-tourn"]
[EventRounds "11"]
[EventCountry "SVK"]
[SourceTitle "EXT 2015"]
[Source "ChessBase"]
[SourceDate "2014.11.20"]
[SourceVersion "1"]
[SourceVersionDate "2014.11.20"]
[SourceQuality "1"]
[WhiteTeam "Pezinok"]
[BlackTeam "Osuske II"]
[WhiteTeamCountry "SVK"]
[BlackTeamCountry "SVK"]

1. e4 c5 2. d4 cxd4 3. c3 Nc6 4. Nf3 d5 5. exd5 Qxd5 6. Be2 e5 7. 0-0 Nf6 8. Bg5 e4 9. Bxf6 gxf6 10. Nxd4 Bd7 11. Nb5 Qxd1 12. Rxd1 0-0-0 13. N1a3 a6 14. Nd6+ Bxd6 15. Rxd6 Be6 16. Rxc6+ bxc6 17. Bxa6+ Kc7 18. Bc4 Rd2 19. Bxe6 fxe6 20. Nc4 Rc2 21. Rb1 Rd8 22. Kf1 f5 23. g3 h5 24. Ke1 h4 25. a4 hxg3 26. hxg3 Rh8 27. Ne3 Rh1+ 28. Nf1 e5 29. b4 f4 30. b5 f3 31. b6+ Kb7 32. Kd1 Rxf2 0-1

[Event "SVK-chT1W 1213"]
[Site "Slovakia"]
[Date "2013.03.24"]
[Round "11.7"]
[White "Kral, Klaudia"]
[Black "Zacik, Anton"]
[Result "1-0"]
[WhiteElo "1871"]
[BlackElo "1944"]
[PlyCount "89"]
[EventDate "2012.10.20"]
[EventType "team-tourn"]
[EventRounds "11"]
[EventCountry "SVK"]
[SourceTitle "EXT 2015"]
[Source "ChessBase"]
[SourceDate "2014.11.20"]
[SourceVersion "1"]
[SourceVersionDate "2014.11.20"]
[SourceQuality "1"]
[WhiteTeam "Batorove Kosihy"]
[BlackTeam "Pezinok"]
[WhiteTeamCountry "SVK"]
[BlackTeamCountry "SVK"]

1. e4 c5 2. c3 Qa5 3. Na3 d6 4. Nc4 Qc7 5. Nf3 e6 6. d4 Nf6 7. e5 dxe5 8. Ncxe5 Bd6 9. Bb5+ Nbd7 10. 0-0 0-0 11. Re1 a6 12. Bf1 cxd4 13. Nc4 Be7 14. Nxd4 b5 15. Ne3 Ne5 16. a4 b4 17. cxb4 Bxb4 18. Bd2 Bxd2 19. Qxd2 Rd8 20. Red1 Bb7 21. Rac1 Qb6 22. a5 Qd6 23. Qe1 Neg4 24. Nxg4 Nxg4 25. Nf3 Qe7 26. Ne5 Rxd1 27. Rxd1 Qg5 28. Nxg4 Qxg4 29. Qd2 h5 30. h3 Qa4 31. Rc1 Bd5 32. Rc7 Rb8 33. Bxa6 Qa1+ 34. Qc1 Qxb2 35. Rc8+ Kh7 36. Bd3+ g6 37. Qxb2 Rxb2 38. Rc7 Rb7 39. Rxb7 Bxb7 40. Kf1 Kg7 41. a6 Bc8 42. Ke2 Kf6 43. Ke3 Ke7 44. a7 Bb7 45. Be4 1-0

[Event "Tatry op"]
[Site "Tatranske Zruby"]
[Date "2012.09.27"]
[Round "6"]
[White "Jablonicky, Frantisek"]
[Black "Zacik, Anton"]
[Result "1-0"]
[WhiteElo "2173"]
[BlackElo "1944"]
[PlyCount "83"]
[EventDate "2012.09.23"]
[EventType "swiss"]
[EventRounds "9"]
[EventCountry "SVK"]
[SourceTitle "CBM 150 Extra"]
[Source "ChessBase"]
[SourceDate "2012.10.19"]
[SourceVersion "1"]
[SourceVersionDate "2012.10.19"]
[SourceQuality "1"]

1. e4 c5 2. c4 e6 3. Nc3 d6 4. Nge2 Nf6 5. d4 cxd4 6. Nxd4 a6 7. Be2 Be7 8. Be3 Qc7 9. Rc1 0-0 10. 0-0 Nbd7 11. f4 b6 12. Bf3 Bb7 13. f5 e5 14. Nd5 Qd8 15. Ne2 Nxd5 16. cxd5 Rc8 17. Qd2 Rxc1 18. Rxc1 Qb8 19. g4 Rc8 20. Nc3 b5 21. g5 b4 22. Na4 Rxc1+ 23. Qxc1 Qc8 24. Qxc8+ Bxc8 25. h4 Bd8 26. Kf2 a5 27. Be2 h6 28. Bb5 hxg5 29. hxg5 Kf8 30. Ke2 Ke7 31. Kd3 Nb8 32. Kc4 Na6 33. Nb6 Bb7 34. Bc6 Bxc6 35. dxc6 Nc7 36. Nc8+ Kf8 37. Nxd6 Be7 38. Nc8 Ke8 39. Bb6 Na8 40. Nxe7 Kxe7 41. Bxa5 Kd6 42. Kb5 1-0

[Event "Tatry op"]
[Site "Tatranske Zruby"]
[Date "2012.09.25"]
[Round "4"]
[White "Navratil, Jiri2222"]
[Black "Zacik, Anton"]
[Result "1-0"]
[WhiteElo "2057"]
[BlackElo "1944"]
[PlyCount "111"]
[EventDate "2012.09.23"]
[EventType "swiss"]
[EventRounds "9"]
[EventCountry "SVK"]
[SourceTitle "CBM 150 Extra"]
[Source "ChessBase"]
[SourceDate "2012.10.19"]
[SourceVersion "1"]
[SourceVersionDate "2012.10.19"]
[SourceQuality "1"]

1. e4 c5 2. Nf3 e6 3. d4 cxd4 4. Nxd4 a6 5. Nc3 d6 6. a4 Nf6 7. Be2 Be7 8. 0-0 0-0 9. f4 Qc7 10. Kh1 b6 11. Bf3 Bb7 12. e5 dxe5 13. fxe5 Nfd7 14. Bxb7 Qxb7 15. Bf4 Nc6 16. Nxc6 Qxc6 17. Qg4 f5 18. exf6 Nxf6 19. Qe2 Nd5 20. Qe4 Bf6 21. Rad1 Bxc3 22. bxc3 Rac8 23. Be5 Nf6 24. Qh4 Qc4 25. Qg3 Qg4 26. Rb1 Qxg3 27. hxg3 Nd5 28. Rxf8+ Kxf8 29. Kg1 g6 30. Kf2 Ke7 31. Rh1 Rf8+ 32. Ke2 Rf7 33. c4 Nb4 34. Rb1 a5 35. c3 Rf5 36. Bd4 Nc6 37. Rxb6 Nxd4+ 38. cxd4 Rg5 39. Kf3 Rf5+ 40. Ke4 h5 41. Rb5 Rf2 42. Rxa5 Rxg2 43. Ra7+ Kf6 44. c5 Rxg3 45. a5 h4 46. a6 Ra3 47. Ra8 h3 48. Rf8+ Ke7 49. Rh8 Rxa6 50. Ke5 Ra3 51. Rh7+ Kf8 52. c6 Kg8 53. Rh4 Kf7 54. c7 Rc3 55. Rxh3 Rc1 56. Rh8 1-0

[Event "Tatry op"]
[Site "Tatranske Zruby"]
[Date "2012.09.24"]
[Round "2"]
[White "Balko, Dominik"]
[Black "Zacik, Anton"]
[Result "1/2-1/2"]
[WhiteElo "1829"]
[BlackElo "1944"]
[PlyCount "36"]
[EventDate "2012.09.23"]
[EventType "swiss"]
[EventRounds "9"]
[EventCountry "SVK"]
[SourceTitle "CBM 150 Extra"]
[Source "ChessBase"]
[SourceDate "2012.10.19"]
[SourceVersion "1"]
[SourceVersionDate "2012.10.19"]
[SourceQuality "1"]

1. d4 d5 2. Nc3 Nf6 3. Bg5 Nbd7 4. Nf3 e6 5. e4 dxe4 6. Nxe4 Be7 7. Nxf6+ Bxf6 8. Bxf6 Qxf6 9. c3 0-0 10. Bd3 e5 11. dxe5 Nxe5 12. Nxe5 Qxe5+ 13. Qe2 Qxe2+ 14. Bxe2 Re8 15. 0-0-0 Be6 16. Bf3 c6 17. a3 Rad8 18. Rxd8 Rxd8 1/2-1/2

[Event "Stare Mesto op"]
[Site "Stare Mesto"]
[Date "2012.08.12"]
[Round "3"]
[White "Kapusta, Petr"]
[Black "Zacik, Anton"]
[Result "1-0"]
[WhiteElo "2168"]
[BlackElo "1962"]
[PlyCount "79"]
[EventDate "2012.08.10"]
[EventType "swiss"]
[EventRounds "10"]
[EventCountry "CZE"]
[SourceTitle "CBM 149 Extra"]
[Source "ChessBase"]
[SourceDate "2012.08.24"]
[SourceVersion "1"]
[SourceVersionDate "2012.08.24"]
[SourceQuality "1"]

1. e4 c5 2. Nf3 e6 3. d4 cxd4 4. Nxd4 Nf6 5. Bd3 e5 6. Nf3 Nc6 7. 0-0 Be7 8. Nc3 h6 9. Nd5 0-0 10. c3 d6 11. h3 Be6 12. Bc2 Qd7 13. Be3 Nh7 14. Qd2 Rad8 15. Rfd1 f5 16. exf5 Bxf5 17. Bxf5 Rxf5 18. Qc2 Rxf3 19. gxf3 Qxh3 20. Qe4 Qd7 21. Qg4 Bg5 22. Qxd7 Rxd7 23. Kg2 b6 24. f4 Bd8 25. fxe5 Nxe5 26. Bf4 Nf7 27. Re1 Nf6 28. Rad1 Nh5 29. Re8+ Kh7 30. Re6 Nxf4+ 31. Nxf4 Bg5 32. Nd5 Bd8 33. f4 Kh8 34. Kf3 Kg8 35. Re8+ Kh7 36. Kg4 b5 37. Rde1 Ba5 38. Rb8 Bd8 39. Rxb5 Bf6 40. Re8 1-0

[Event "SVK-chT1W 1112"]
[Site "Slovakia"]
[Date "2012.02.05"]
[Round "9.8"]
[White "Zacik, Anton"]
[Black "Capak, Stefan"]
[Result "1/2-1/2"]
[WhiteElo "2000"]
[BlackElo "2020"]
[PlyCount "27"]
[EventDate "2011.10.15"]
[EventType "team-tourn"]
[EventRounds "11"]
[EventCountry "SVK"]
[SourceTitle "EXT 2013"]
[Source "ChessBase"]
[SourceDate "2012.11.22"]
[SourceVersion "1"]
[SourceVersionDate "2012.11.22"]
[SourceQuality "1"]
[WhiteTeam "Pezinok"]
[BlackTeam "Povazska Bystrica"]
[WhiteTeamCountry "SVK"]
[BlackTeamCountry "SVK"]

1. e4 c5 2. d4 cxd4 3. c3 dxc3 4. Nxc3 Nc6 5. Nf3 e6 6. Bc4 Be7 7. 0-0 d6 8. Qe2 Nf6 9. Rd1 e5 10. h3 0-0 11. Bg5 Be6 12. Bxf6 Bxf6 13. Nd5 Bxd5 14. Bxd5 1/2-1/2

[Event "SVK-chT1W 1112"]
[Site "Slovakia"]
[Date "2012.02.04"]
[Round "8.8"]
[White "Orgon, Dusan"]
[Black "Zacik, Anton"]
[Result "0-1"]
[WhiteElo "2107"]
[BlackElo "2000"]
[PlyCount "114"]
[EventDate "2011.10.15"]
[EventType "team-tourn"]
[EventRounds "11"]
[EventCountry "SVK"]
[SourceTitle "EXT 2013"]
[Source "ChessBase"]
[SourceDate "2012.11.22"]
[SourceVersion "1"]
[SourceVersionDate "2012.11.22"]
[SourceQuality "1"]
[WhiteTeam "Dubnica nad Vahom II"]
[BlackTeam "Pezinok"]
[WhiteTeamCountry "SVK"]
[BlackTeamCountry "SVK"]

1. d4 Nf6 2. Bg5 Ne4 3. Bf4 d5 4. Nd2 Bf5 5. e3 e6 6. Ngf3 Nd7 7. Be2 Bd6 8. 0-0 Bxf4 9. exf4 0-0 10. Ne5 f6 11. Nd3 Re8 12. Nf3 Bg4 13. Re1 c5 14. dxc5 Ndxc5 15. h3 Bxf3 16. Bxf3 Nxd3 17. cxd3 Nd6 18. Qb3 Kh8 19. Bg4 f5 20. Bf3 Qh4 21. Qb4 Rad8 22. Rac1 a5 23. Qxa5 Qxf4 24. a3 Nf7 25. Qc7 Qxc7 26. Rxc7 Nd6 27. Kf1 Rc8 28. Rec1 Kg8 29. Ke2 Rxc7 30. Rxc7 Rc8 31. Re7 Rc2+ 32. Ke3 Rxb2 33. Rxe6 d4+ 34. Kxd4 Nb5+ 35. Kc5 Nxa3 36. Bd5 Rb5+ 37. Kd6 Kf8 38. Re2 Rb6+ 39. Kd7 g6 40. Re8+ Kg7 41. Ke7 Nb5 42. f4 Nc7 43. Rg8+ Kh6 44. Bf3 Ne6 45. g3 Nd4 46. Bd5 Ne2 47. Rh8 Kg7 48. Rg8+ Kh6 49. Rd8 Nxg3 50. Bf3 Rb3 51. Rd7 b5 52. Kf8 Rc3 53. Bb7 Nh5 54. Rf7 Nxf4 55. Kg8 Nxd3 56. Rxh7+ Kg5 57. h4+ Kg4 0-1

[Event "Tatry op"]
[Site "Tatranske Zruby"]
[Date "2011.09.30"]
[Round "7"]
[White "Zacik, Anton"]
[Black "Vacovsky, Zbynek"]
[Result "1-0"]
[WhiteElo "2000"]
[BlackElo "1749"]
[PlyCount "41"]
[EventDate "2011.09.25"]
[EventType "swiss"]
[EventRounds "9"]
[EventCountry "SVK"]
[SourceTitle "CBM 144 Extra"]
[Source "ChessBase"]
[SourceDate "2011.10.28"]
[SourceVersion "1"]
[SourceVersionDate "2011.10.28"]
[SourceQuality "1"]

1. e4 c5 2. d4 cxd4 3. c3 d5 4. exd5 Qxd5 5. cxd4 e6 6. Nf3 Nf6 7. Nc3 Bb4 8. Bd2 Bxc3 9. Bxc3 Nc6 10. Bd3 Ne4 11. 0-0 Nxc3 12. bxc3 0-0 13. Re1 Re8 14. c4 Qd8 15. Qd2 Bd7 16. Ng5 h6 17. Bh7+ Kf8 18. Nf3 Qf6 19. d5 exd5 20. cxd5 Nd8 21. Qb4+ 1-0

[Event "Tatry op"]
[Site "Tatranske Zruby"]
[Date "2011.09.28"]
[Round "5"]
[White "Zacik, Anton"]
[Black "Malinovsky, Jozef"]
[Result "1-0"]
[WhiteElo "2000"]
[BlackElo "1830"]
[PlyCount "67"]
[EventDate "2011.09.25"]
[EventType "swiss"]
[EventRounds "9"]
[EventCountry "SVK"]
[SourceTitle "CBM 144 Extra"]
[Source "ChessBase"]
[SourceDate "2011.10.28"]
[SourceVersion "1"]
[SourceVersionDate "2011.10.28"]
[SourceQuality "1"]

1. e4 c5 2. Nf3 d6 3. c3 Nf6 4. h3 Nc6 5. Bd3 g6 6. Bc2 Qc7 7. 0-0 Bd7 8. d3 Bg7 9. Bg5 h6 10. Be3 g5 11. Na3 a6 12. d4 g4 13. hxg4 Nxg4 14. Bf4 cxd4 15. cxd4 b5 16. Bb3 Qb6 17. Nc2 h5 18. Ng5 Nd8 19. Rc1 Rc8 20. Qd2 Rxc2 21. Rxc2 Bxd4 22. Qd3 e5 23. Bc1 Rg8 24. Qf3 Rg7 25. Qg3 Kf8 26. Qh4 Nf6 27. Nf3 Ke7 28. Nxd4 Qxd4 29. Bg5 Rg6 30. Rc7 Ne6 31. Bxe6 Kxe6 32. Bxf6 Rg4 33. Qh3 Kxf6 34. Rxd7 1-0

[Event "Tatry op"]
[Site "Tatranske Zruby"]
[Date "2011.09.27"]
[Round "3"]
[White "Zacik, Anton"]
[Black "Belunek, Vladimir"]
[Result "1/2-1/2"]
[WhiteElo "2000"]
[BlackElo "2273"]
[PlyCount "135"]
[EventDate "2011.09.25"]
[EventType "swiss"]
[EventRounds "9"]
[EventCountry "SVK"]
[SourceTitle "CBM 144 Extra"]
[Source "ChessBase"]
[SourceDate "2011.10.28"]
[SourceVersion "1"]
[SourceVersionDate "2011.10.28"]
[SourceQuality "1"]

1. e4 c5 2. d4 cxd4 3. c3 Nf6 4. e5 Nd5 5. Nf3 e6 6. cxd4 b6 7. Nc3 Nxc3 8. bxc3 Qc7 9. Bd2 d6 10. Bb5+ Nd7 11. Ng5 Bb7 12. 0-0 a6 13. Bd3 dxe5 14. f4 e4 15. Bxe4 Bxe4 16. Nxe4 Be7 17. Ng5 Bxg5 18. fxg5 0-0 19. Qh5 e5 20. Rf3 Qd6 21. Raf1 exd4 22. Rh3 Qg6 23. Qxg6 fxg6 24. cxd4 Rxf1+ 25. Kxf1 Rc8 26. Rc3 Rxc3 27. Bxc3 Kf7 28. d5 Ke7 29. Ke2 Kd6 30. Bxg7 Kxd5 31. Kd3 Nc5+ 32. Kc2 Kc4 33. h4 Nd3 34. g3 b5 35. Bf6 Nb4+ 36. Kb2 Nc6 37. a3 Nd4 38. Be5 Ne6 39. Bd6 Nc5 40. Bc7 Ne4 41. Be5 Nf2 42. Bc7 Nd1+ 43. Kc2 Ne3+ 44. Kb2 Nd5 45. Be5 a5 46. Bf6 b4 47. axb4 axb4 48. Be5 b3 49. Bf6 Nb4 50. Bg7 Nd3+ 51. Kb1 Kd5 52. g4 Ke4 53. h5 Kf4 54. hxg6 hxg6 55. Bf6 Kxg4 56. Bd8 Kf5 57. Be7 Ke6 58. Bf6 Kd5 59. Bg7 Kc4 60. Bh8 Kb4 61. Bf6 Nc5 62. Be7 Kc4 63. Kb2 Na4+ 64. Kb1 Kd3 65. Bf6 b2 66. Bg7 Kc4 67. Kc2 Kb4 68. Bf8+ 1/2-1/2

[Event "SVK-chT2A 10/11"]
[Site "Slovakia"]
[Date "2011.03.27"]
[Round "11.7"]
[White "Zacik, Anton"]
[Black "Hefka, Vladimir"]
[Result "1-0"]
[WhiteElo "1990"]
[BlackElo "1991"]
[PlyCount "51"]
[EventDate "2010.10.23"]
[EventType "team-tourn"]
[EventRounds "11"]
[EventCountry "SVK"]
[SourceTitle "EXT 2019"]
[Source "ChessBase"]
[SourceDate "2018.10.10"]
[SourceVersion "1"]
[SourceVersionDate "2018.10.10"]
[SourceQuality "1"]
[WhiteTeam "Pezinok KS"]
[BlackTeam "Bratislava Doprastav"]
[WhiteTeamCountry "SVK"]
[BlackTeamCountry "SVK"]

1. e4 c5 2. d4 cxd4 3. c3 dxc3 4. Nxc3 e6 5. Nf3 Nc6 6. Bc4 Nge7 7. Bg5 f6 8. Be3 Ng6 9. 0-0 Nge5 10. Nxe5 Nxe5 11. Bb3 Nf7 12. Rc1 Bd6 13. Qg4 0-0 14. f4 Qa5 15. Ne2 b6 16. e5 fxe5 17. f5 Bc5 18. Rxc5 bxc5 19. fxe6 dxe6 20. Bc2 Ba6 21. Ng3 Qb4 22. Qh5 Nh6 23. Rb1 Nf5 24. Nxf5 exf5 25. Bxf5 Rxf5 26. Qxf5 1-0

[Event "SVK-chT2A 10/11"]
[Site "Slovakia"]
[Date "2010.10.23"]
[Round "1.8"]
[White "Jelenciak, Jozef"]
[Black "Zacik, Anton"]
[Result "0-1"]
[WhiteElo "1934"]
[BlackElo "1990"]
[PlyCount "76"]
[EventDate "2010.10.23"]
[EventType "team-tourn"]
[EventRounds "11"]
[EventCountry "SVK"]
[SourceTitle "EXT 2019"]
[Source "ChessBase"]
[SourceDate "2018.10.10"]
[SourceVersion "1"]
[SourceVersionDate "2018.10.10"]
[SourceQuality "1"]
[WhiteTeam "Bratislava Doprastav III"]
[BlackTeam "Pezinok KS"]
[WhiteTeamCountry "SVK"]
[BlackTeamCountry "SVK"]

1. e4 c5 2. Nc3 Nc6 3. f4 g6 4. Nf3 Bg7 5. Bc4 e6 6. 0-0 d6 7. d3 Nge7 8. Qe1 Nd4 9. Nxd4 cxd4 10. Ne2 0-0 11. c3 d5 12. Bb3 dxc3 13. bxc3 dxe4 14. dxe4 Qa5 15. Be3 Nc6 16. Rd1 Rd8 17. Qh4 Bd7 18. f5 exf5 19. Bg5 Be6 20. Bxd8 Rxd8 21. Rxd8+ Nxd8 22. exf5 Bxf5 23. Nd4 Bxd4+ 24. cxd4 Nc6 25. d5 Qc5+ 26. Kh1 Nd4 27. Qd8+ Kg7 28. d6 Nxb3 29. axb3 Qb5 30. Rc1 Be4 31. Qc7 Qe2 32. Qc3+ Kg8 33. Qg3 Bc6 34. h3 h5 35. h4 Qd2 36. Rc3 Bxg2+ 37. Kg1 Bc6 38. Qd3 Qg2# 0-1

[Event "SVK-chT2A 0910"]
[Site "Slovakia"]
[Date "2009.11.08"]
[Round "4.8"]
[White "Zacik, Anton"]
[Black "Klimes, Milan"]
[Result "1-0"]
[WhiteElo "2018"]
[BlackElo "1933"]
[PlyCount "94"]
[EventDate "2009.10.10"]
[EventType "team-tourn"]
[EventRounds "11"]
[EventCountry "SVK"]
[SourceTitle "EXT 2011"]
[Source "ChessBase"]
[SourceDate "2010.11.26"]
[SourceVersion "1"]
[SourceVersionDate "2010.11.26"]
[SourceQuality "1"]
[WhiteTeam "Pezinok KS"]
[BlackTeam "Bratislava Doprastav"]
[WhiteTeamCountry "SVK"]
[BlackTeamCountry "SVK"]

1. e4 c5 2. Nf3 d6 3. d4 cxd4 4. Nxd4 Nf6 5. Nc3 a6 6. Be3 Ng4 7. Bg5 h6 8. Bh4 g5 9. Bg3 Bg7 10. h3 Nf6 11. Be2 Nc6 12. Nb3 Be6 13. 0-0 Rc8 14. f4 Na5 15. e5 Nxb3 16. exf6 Nxa1 17. fxg7 Rg8 18. Qxa1 Rxg7 19. f5 Bc4 20. Bxc4 Rxc4 21. Qe1 f6 22. Nd5 Kf8 23. c3 Rc6 24. Qe6 Qc8 25. Qxc8+ Rxc8 26. Bf2 Rc4 27. Bd4 g4 28. h4 g3 29. Rf3 Ra4 30. a3 Rg4 31. Re3 Rgxd4 32. cxd4 Rxd4 33. Nc3 Rxh4 34. Rxg3 Rf4 35. Rf3 Rd4 36. Kf1 Kf7 37. Ke2 Rg4 38. g3 h5 39. Ke3 h4 40. gxh4 Rxh4 41. Rf2 Rh1 42. Nd5 Rd1 43. Nf4 Re1+ 44. Kd4 Rd1+ 45. Kc4 Rc1+ 46. Kb4 Rc5 47. Ne6 b6 1-0

[Event "Tatry op"]
[Site "Tatranske Zruby"]
[Date "2009.09.28"]
[Round "2"]
[White "Zacik, Anton"]
[Black "Klanica, Anton"]
[Result "1-0"]
[WhiteElo "2018"]
[BlackElo "1894"]
[PlyCount "66"]
[EventDate "2009.09.27"]
[EventType "swiss"]
[EventRounds "9"]
[EventCountry "SVK"]
[SourceTitle "EXT 2011"]
[Source "ChessBase"]
[SourceDate "2010.11.26"]
[SourceVersion "1"]
[SourceVersionDate "2010.11.26"]
[SourceQuality "1"]

1. e4 e6 2. Qe2 d6 3. f4 Be7 4. Nf3 c6 5. d4 d5 6. e5 Nh6 7. g3 Qb6 8. Nbd2 c5 9. dxc5 Bxc5 10. Nb3 Nc6 11. Nxc5 Qxc5 12. c3 Qe7 13. Qb5 a6 14. Qb6 Qd8 15. Qf2 Ng4 16. Qg1 Bd7 17. h3 Nh6 18. Be3 Nf5 19. Bb6 Qb8 20. Bd3 Nfe7 21. Qf2 Nc8 22. Be3 Qc7 23. 0-0 Na5 24. g4 Nc4 25. Bd4 Na5 26. Ng5 h6 27. Qh4 Ne7 28. f5 exf5 29. gxf5 Rf8 30. Nxf7 Rxf7 31. e6 Bxe6 32. fxe6 Rxf1+ 33. Rxf1 0-0-0 1-0